000 00670nam a2200229Ia 4500
003 GCL
008 140319s9999 xx 000 0 ara d
020 _a3128809977
040 _aGCL /
_cGCL
082 0 4 _a925.4
_bا ع
100 1 _aنجيب محفوظ
245 1 0 _aعصر العلم /
_cنجيب محفوظ
700 1 _aاحمد زويل
250 _aالثانية
260 _aالقاهرة :
_bدار الشروق ،
_c2005
300 _a261 ص ؛
_c24 سم
650 0 4 _aالفيزيائيون العرب
650 0 4 _aالفيزياء - نظريات
650 0 4 _aاحمد زويل
650 0 4 _aالتكنولوجيا - مصر
942 _2ddc
_cBK
999 _c8214
_d8214